| 000 | 00890nam a22001577a 4500 | ||
|---|---|---|---|
| 003 | OSt | ||
| 005 | 20150918163656.0 | ||
| 008 | 150918b xxu||||| |||| 00| 0 eng d | ||
| 040 | _cRUA | ||
| 082 | _aAGR SOU 2005 B032 Or.1 | ||
| 100 |
_9794 _aSOU SAVORN |
||
| 245 | _aEffect of botanical insecticide rate to control insect pests on green mustard at experimental station inroyal university of agriculture,(ប្រសិទ្ធភាពនៃកំហាប់ថ្នំាពុលផ្សំពីរុក្ខជាតិក្នុងការកំចាត់សត្វល្អិតចង្រៃលើដំណាំស្ពៃខៀវ នៅស្ថានីយ៍ពិសោធន៍ នៃសាកលវិទ្យាល័យភូមិន្ទកសិកម្ម) | ||
| 260 |
_aphnom penh _bRUA _c2005 |
||
| 300 |
_axiii.84p. _cill. _g29cm. |
||
| 942 |
_2ddc _cAGR |
||
| 999 |
_c765 _d765 |
||